| 000 | nam a22 7a 4500 | ||
|---|---|---|---|
| 999 |
_c15676 _d15676 |
||
| 008 | 161103b xxu||||| |||| 00| 0 eng d | ||
| 020 | _a0675078601 | ||
| 020 | _a9780675078603 | ||
| 050 | _aRA 440 .M44 1987 | ||
| 100 | _a Meeks-Mitchell, Linda | ||
| 245 |
_aHealth : _ba wellness approach/ _cLinda Meeks-Mitchell and Philip Heit. |
||
| 260 |
_aColumbus, Ohio : _bGlencoe Macmillan/McGraw-Hill, _c ©1987. |
||
| 300 |
_axii, 596p. : _bill. ; _c24cm |
||
| 500 | _aIncludes bibliography and index. | ||
| 650 | _aHealth education. | ||
| 700 | _aHeit, Philip | ||
| 942 |
_2lcc _cBOOKS _hRA 440 .M44 1987 |
||